banner koha

Plantas aromáticas e medicinais (plantas bioativas) (Registro n. 74042)

MARC details
000 -LÍDER
campo de controle de tamanho fixo 01076nam a22003497a 4500
001 - NÚMERO DE CONTROLE
campo de controle BR2010000863
003 - IDENTIFICADOR DO NÚMERO DE CONTROLE
campo de controle BR-BrBNA
005 - DATA E HORÁRIO DA ÚLTIMA TRANSAÇÃO
campo de controle 20230928103200.0
007 - CAMPO FIXO DE DESCRIÇÃO FÍSICA--INFORMAÇÃO GERAL
campo de controle de tamanho fixo ta
008 - CAMPO DE DADOS FIXOS--INFORMAÇÃO GERAL
campo de controle de tamanho fixo 230509b bl.||||| |||| 00| 0 por d
040 ## - FONTE DA CATALOGAÇÃO
Instituição da catalogação original BR-BrBNA
Idioma da catalogação por
Instituição que transcreveu o registro Biblioteca Nacional de Agricultura
041 ## - CÓDIGO DE IDIOMA
Código do idioma do texto/trilha sonora ou título diferente (Por)
072 ## - CÓDIGO DE CATEGORIA DE ASSUNTO
Código de Categoria de Assunto E14
Código do objeto 2200
-- 2790
090 ## - NÚMERO DE CHAMADA LOCAL
-- 2200 BR2010000863
100 1# - ENTRADA PRINCIPAL--NOME PESSOAL
Nome pessoal Castro, C.E.F. de
100 1# - ENTRADA PRINCIPAL--NOME PESSOAL
Nome pessoal Carbonell, S.A.M.
100 1# - ENTRADA PRINCIPAL--NOME PESSOAL
Nome pessoal Maia, M.S.D.
100 1# - ENTRADA PRINCIPAL--NOME PESSOAL
Nome pessoal Moura, M.A.
100 1# - ENTRADA PRINCIPAL--NOME PESSOAL
Nome pessoal Bovi, O.A.
110 1# - ENTRADA PRINCIPAL--NOME CORPORATIVO
Nome corporativo ou nome da jurisdição Conselho Nacional dos Sistemas Estaduais de Pesquisa Agropecuária, Brasília, DF (Brasil)
9 (RLIN) 2718
245 1# - TÍTULO
Título Plantas aromáticas e medicinais (plantas bioativas)
Restante do título Série Reuniões Técnicas, 10
260 3# - PUBLICAÇÃO, DISTRIBUIÇÃO, ETC.
Local de publicação, distribuição, etc. Brasília, DF (Brasil):
Data da publicação, distribuição, etc. 2005.
300 ## - DESCRIÇÃO FÍSICA
Extensão 34 p.
650 ## - ASSUNTO--TERMO TÓPICO
Cabeçalho tópico ou nome geográfico PLANTA AROMÁTICA
650 ## - ASSUNTO--TERMO TÓPICO
Cabeçalho tópico ou nome geográfico PLANTA MEDICINAL
650 ## - ASSUNTO--TERMO TÓPICO
Cabeçalho tópico ou nome geográfico AGRICULTURA FAMILIAR
650 ## - ASSUNTO--TERMO TÓPICO
Cabeçalho tópico ou nome geográfico DESENVOLVIMENTO SUSTENTÁVEL
650 ## - ASSUNTO--TERMO TÓPICO
Cabeçalho tópico ou nome geográfico PROJETO DE DESENVOLVIMENTO
650 ## - ASSUNTO--TERMO TÓPICO
Cabeçalho tópico ou nome geográfico PRODUÇÃO VEGETAL
909 ## -
-- 202309
-- Lucia
-- 55
-- Lucia Elande
942 ## - ELEMENTOS DE ENTRADA ADICIONADOS (KOHA)
Tipo de material Koha Livros
Exemplares
Situação do descarte Fonte da classificação ou esquema de arquivamento na estante Situação física Não pode ser emprestado Coleção Biblioteca de origem Biblioteca atual Total de empréstimos Número de telefone completo Código de barras Data de último acesso Número do exemplar Tipo de material Koha Situação das perdas Data de aquisição Fonte de aquisição
  Classificação AGRIS       Biblioteca Nacional de Agricultura - Binagri Biblioteca Nacional de Agricultura - Binagri   2200 BR2010000863 2200 BR2010000863 25/09/2023 01 Livros   2023-09-25 Portaria Interministerial nº 164/94

BINAGRI

Telefone: (61)3218-2567/2388/3357/2097 - binagri@agro.gov.br

Ministério da Agricultura e Pecuária , Esplanada dos Ministérios, Bloco D, Anexo B, Brasília/DF, CEP: 70.043-900